Cyclisme : 3 équipes 1 coureur (2) - Statistiques

Statistiques générales
  • Ce quiz a été pris 22 fois
  • Le résultat moyen est 3 sur 20
Statistiques - réponses
Équipe 1 Équipe 2 Équipe 3 Réponse % Correct
Ag2r Arkea XDS Astana Clément Champoussin
48%
Vacansoleil XDS Astana Unibet Rose Wout Poels
43%
Dimension Data Ag2r Citroën Jayco AlUla Ben O'Connor
38%
Pauwels Vastgoedservice Verandas Willems Jumbo Visma Wout Van Aert
38%
Garmin UAE Israel Dan Martin
29%
Lotto NL Jumbo Intermarché Wanty XDS Astana Mike Teunissen
29%
ORICA-Scott Lotto Soudal INEOS Caleb Ewan
14%
ColoQuick Bingoal WB Li Ning Star Alexander Salby
10%
Canondale BMC Barhain Damiano Caruso
10%
Topsport Vlaanderen Sunweb Lidl - Trek Edward Theuns
10%
Wallonie Bruxelles DSM firmenich Pinarello Q36.5 Emīls Liepins
10%
Bahrain EF Easypost Corratec Mark Padun
10%
Caja Rural RadioShack INEOS Michal Kwiatkowski
10%
Garmin Sharp BMC INEOS Rohan Dennis
10%
Quick Step Movistar Lidl - Trek Dario Cataldo
5%
Banesto Skydive Dubai Matrix Powertag Fransisco Mancebo
5%
Colnago - CSF Inox Etixx - Quick Step Q36.5 Gianluca Brambilla
5%
Caja Rural JCL Team UKYO XDS Astana Matteo Malucelli
5%
Lampre Astana Solution tech NIPPO Ralli Valerio Conti
5%
Cannondale Drapac BMC Israel Start Up Patrick Bevin
0%
Aucun quiz correspondant
Distribution des résultats
% des personnes avec chaque résultat
Percentile par nombre de réponses
Votre historique - résultats
Vous n’avez pas pris ce quiz